Brand Logos That Start with P - Statistics

General Stats
  • This quiz has been taken 47,051 times
  • The average score is 14 of 20
Answer Stats
Picture Answer % Correct
Pepsi
100%
Puma
98%
PayPal
96%
Playstation
96%
Pringles
95%
Pizza Hut
94%
Paramount
92%
Porsche
92%
Playboy
90%
Polo Ralph Lauren
87%
Pampers
84%
Patagonia
62%
Procter & Gamble
56%
Post-it
53%
Peugeot
42%
Pirelli
42%
Prada
41%
Philips
36%
Perrier
33%
Panini
29%
No matching quizzes found
Score Distribution
Percent of People with Each Score
Percentile by Number Answered
Your Score History
You have not taken this quiz